[Event "Detroit (MCO/2/3)"]
[Site "?"]
[Date "1990.??.??"]
[Round "?"]
[White "Franke, R."]
[Black "Brooks, John"]
[Result "1/2-1/2"]
[WhiteElo "1835"]
[BlackElo "2230"]
[PlyCount "121"]
[EventDate "1990.??.??"]

{2/(3)} 1. d4 Nf6 2. c4 e6 3. Nc3 Bb4 4. Qc2 c5 5. e3 Nc6 6. Nf3 d5 7. dxc5 Ne4
8. Bd2 Nxd2 9. Qxd2 Qa5 10. Rc1 Bxc3 11. Qxc3 Qxc5 12. Qxg7 Rf8 13. a3 Bd7 14.
Be2 dxc4 15. Rxc4 Qf5 16. O-O O-O-O 17. Qe5 Qxe5 18. Nxe5 Kb8 19. Nxd7+ Rxd7
20. Rfc1 Rfd8 21. Kf1 Rd2 22. R4c2 Na5 23. Rxd2 Rxd2 24. b4 Nc6 25. g3 Ne7 26.
Rd1 Rxd1+ 27. Bxd1 Kc7 28. Ke2 Nd5 29. Kd2 b6 30. Bh5 f6 31. Kd3 Kd6 32. e4 Ne7
33. f4 e5 34. Bf7 Nc6 35. Bh5 h6 36. Bd1 b5 37. Bh5 Ke7 38. Bd1 a5 39. Kc3
axb4+ 40. axb4 Nd4 41. Kd3 Kd6 42. Ke3 Kc7 43. Kd3 Kb6 44. Ke3 Kc7 45. fxe5
fxe5 46. Kd3 Kd6 47. Ke3 Ke7 48. h3 Kf6 49. h4 Kg6 50. Kf2 Kf6 51. Be2 Nc6 52.
Bxb5 Nxb4 53. Be2 Nc2 54. Bd3 Nd4 55. Ke3 Ke7 56. g4 Kf6 57. Ba6 Nc6 58. Bc8
Nd4 59. Bf5 Nc6 60. Kd3 Nd4 61. Ke3 1/2-1/2

[Event "Detroit (MI Op/4/30)"]
[Site "?"]
[Date "1990.??.??"]
[Round "?"]
[White "Forte, Joe"]
[Black "Turner, Darrell"]
[Result "0-1"]
[WhiteElo "1970"]
[BlackElo "1865"]
[PlyCount "120"]
[EventDate "1990.??.??"]

{4/(30)} 1. d4 d5 2. c4 c6 3. Nc3 Nf6 4. cxd5 cxd5 5. Bf4 Nc6 6. e3 e6 7. Rc1
Qa5 8. Bd3 Be7 9. Nge2 Bd7 10. O-O Nh5 11. Bg3 O-O 12. a3 Nxg3 13. Nxg3 g6 14.
Bb1 f5 15. Nge2 Bd6 16. f4 Qd8 17. Qe1 Na5 18. Ba2 Nc4 19. Bxc4 dxc4 20. e4 b5
21. e5 Be7 22. Kh1 Bc6 23. Qd2 a5 24. d5 b4 25. d6 bxc3 26. Qxc3 Bh4 27. Qxc4
Bd5 28. Qd3 Qb6 29. Nc3 Qb3 30. Qh3 Bd8 31. Nxd5 Qxd5 32. Qc3 a4 33. Rfd1 Qb5
34. Qf3 Rb8 35. Rc2 Qb3 36. Qe2 Rb5 37. Rdc1 Qd5 38. h3 Rb3 39. Kh2 Bh4 40. Rd1
Qb7 41. Qc4 Qd7 42. Qa6 Bg3+ 43. Kh1 Qb5 44. Qa7 Qb7 45. Qxa4 Rxb2 46. Rxb2
Qxb2 47. Qc4 Qb7 48. d7 Qb6 49. Qc8 Rd8 50. Qc1 Qb7 51. Rd3 Bf2 52. Qd1 Kf7 53.
Kh2 h5 54. Qc2 Ba7 55. Qd1 Ke7 56. Kg3 Rxd7 57. Rxd7+ Qxd7 58. Qxd7+ Kxd7 59.
Kh4 Ke7 60. Kg3 Kf7 0-1

[Event "Detroit (MI Op/2/37)"]
[Site "?"]
[Date "1990.??.??"]
[Round "?"]
[White "Forte, Joe"]
[Black "Triplett, Thomas"]
[Result "1-0"]
[WhiteElo "1970"]
[BlackElo "1850"]
[PlyCount "85"]
[EventDate "1990.??.??"]

{2/(37)} 1. d4 Nf6 2. c4 e6 3. Nc3 Bb4 4. e3 Bxc3+ 5. bxc3 b6 6. Bd3 Bb7 7. Nf3
O-O 8. O-O d6 9. Re1 Nbd7 10. e4 e5 11. Qc2 Re8 12. Ba3 Nh5 13. g3 g6 14. Bc1
Ng7 15. Bg5 Qc8 16. Qd2 Ne6 17. Bh6 Qd8 18. d5 Nec5 19. Bc2 Ba6 20. Qe2 Qf6 21.
Ng5 Qh8 22. Nf3 Qf6 23. Nh4 g5 24. Nf5 Qg6 25. Qd2 f6 26. h4 Bxc4 27. hxg5 fxg5
28. Bxg5 Kh8 29. Kg2 Nf6 30. f3 Rg8 31. Bh4 Rae8 32. Rh1 Nh5 33. Kf2 Rgf8 34.
g4 Nf6 35. Bxf6+ Rxf6 36. Rh5 Rf7 37. Rg5 Qf6 38. Rh1 Qd8 39. Rgh5 Nd7 40.
Rxh7+ Rxh7 41. Rxh7+ Kg8 42. Rg7+ Kf8 43. Qh6 1-0

[Event "Detroit (MI Op/6/26)"]
[Site "?"]
[Date "1990.??.??"]
[Round "?"]
[White "Forte, Joe"]
[Black "Kung, Fred"]
[Result "1-0"]
[WhiteElo "1970"]
[BlackElo "1870"]
[PlyCount "39"]
[EventDate "1990.??.??"]

{6/(26)} 1. d4 d5 2. c4 e6 3. Nc3 c5 4. Nf3 Nc6 5. Bf4 dxc4 6. e3 Nf6 7. Bxc4
cxd4 8. exd4 Be7 9. O-O O-O 10. Nb5 Nh5 11. Bc7 Qd7 12. Ne5 Nxe5 13. Bxe5 f6
14. Nc7 Qd8 15. Nxa8 fxe5 16. Qxh5 Qxd4 17. Bb3 Bc5 18. Rad1 Qxb2 19. Qh4 Bd4
20. Nc7 1-0

[Event "Lansing (Mini-Swiss.2/2)"]
[Site "?"]
[Date "1990.??.??"]
[Round "?"]
[White "Ford, William"]
[Black "Schweikert, G."]
[Result "1/2-1/2"]
[WhiteElo "1895"]
[BlackElo "1870"]
[PlyCount "58"]
[EventDate "1990.??.??"]

{2/(2)} 1. d4 d5 2. Nf3 Nf6 3. e3 Bf5 4. c4 e6 5. a3 a5 6. Nc3 Be7 7. Be2 O-O
8. O-O Nbd7 9. Qb3 Nb6 10. a4 Nxc4 11. Bxc4 dxc4 12. Qxc4 c6 13. Re1 Ne4 14.
Nd2 Nxd2 15. Bxd2 e5 16. d5 cxd5 17. Nxd5 Be6 18. Nxe7+ Qxe7 19. Qb5 Bd7 20.
Qb6 Qe6 21. Qxe6 Bxe6 22. Rec1 Rfd8 23. Bc3 Rd5 24. e4 Rc5 25. Rd1 Rac8 26. Rd6
Kf8 27. f3 Ke7 28. Rb6 R8c7 29. Rd1 Bd7 1/2-1/2

[Event "Lansing (Mini-Swiss.2/1)"]
[Site "?"]
[Date "1990.??.??"]
[Round "?"]
[White "Ford, William"]
[Black "Schoonmaker, John"]
[Result "0-1"]
[WhiteElo "1890"]
[BlackElo "1990"]
[PlyCount "102"]
[EventDate "1990.??.??"]

{2/(1)} 1. d4 d5 2. Nf3 Nf6 3. e3 e6 4. c4 Be7 5. Be2 O-O 6. O-O Nbd7 7. Nc3
Ne4 8. cxd5 Nxc3 9. bxc3 exd5 10. c4 dxc4 11. Bxc4 Nb6 12. Be2 c5 13. dxc5 Bxc5
14. Bb2 Be6 15. Nd4 Bc4 16. Re1 Bxe2 17. Qxe2 Na4 18. Nf5 Nxb2 19. Qxb2 Qg5 20.
Ng3 b6 21. Ne4 Qe7 22. Nxc5 Qxc5 23. Rac1 Qe7 24. Rc6 Rad8 25. Rec1 Rd7 26. Qc2
Rfd8 27. Rc8 Kf8 28. Kf1 Rxc8 29. Qxc8+ Rd8 30. Qc7 Qd7 31. Qxd7 Rxd7 32. Ke2
Ke7 33. Rc3 f5 34. Rd3 Rxd3 35. Kxd3 Kd6 36. Kc4 a6 37. f3 Kc6 38. h4 b5+ 39.
Kb4 Kb6 40. e4 fxe4 41. fxe4 a5+ 42. Kc3 Kc5 43. g4 b4+ 44. Kb3 Kb5 45. e5 a4+
46. Kc2 Kc5 47. Kd3 Kd5 48. e6 Kxe6 49. Kc4 b3 50. axb3 axb3 51. Kxb3 Ke5 0-1

[Event "Lansing (Mini-Swiss.1/2)"]
[Site "?"]
[Date "1990.??.??"]
[Round "?"]
[White "Ford, William"]
[Black "Rosenberg, Steve"]
[Result "0-1"]
[WhiteElo "1920"]
[BlackElo "1765"]
[PlyCount "86"]
[EventDate "1990.??.??"]

{1/(2)} 1. d4 Nf6 2. Nf3 g6 3. e3 Bg7 4. Be2 O-O 5. O-O Nc6 6. c4 d6 7. Nc3 Bf5
8. a3 e5 9. d5 Ne7 10. Nh4 h6 11. g4 Bd7 12. e4 Nc8 13. g5 hxg5 14. Bxg5 Bh3
15. Re1 Qd7 16. Bf1 Bxf1 17. Rxf1 Qh3 18. Qf3 Qxf3 19. Nxf3 Kh7 20. b4 Rh8 21.
Kg2 Kg8 22. h3 Nh5 23. Rac1 Bh6 24. Ne2 f6 25. Be3 Kg7 26. c5 Bxe3 27. fxe3 Kh6
28. Ng3 Nxg3 29. Kxg3 Rh7 30. Nh2 Rf7 31. Rf2 Ne7 32. cxd6 cxd6 33. Rc7 Nf5+
34. Rxf5 Rxc7 35. Rxf6 Rd8 36. Ng4+ Kg7 37. Re6 Rf7 38. b5 b6 39. h4 Rdd7 40.
Re8 Rf1 41. Rc8 Ra1 42. Rc6 Rf7 43. Rxd6 Rg1+ 0-1

[Event "Lansing (Feb)"]
[Site "?"]
[Date "1990.??.??"]
[Round "?"]
[White "Ford, William"]
[Black "Owens, James"]
[Result "1-0"]
[WhiteElo "1925"]
[BlackElo "1950"]
[PlyCount "67"]
[EventDate "1990.??.??"]

1. d4 Nf6 2. Nf3 e6 3. Bg5 c5 4. e3 Nc6 5. a3 Be7 6. c4 h6 7. Bh4 d5 8. Nc3 O-O
9. Be2 b6 10. O-O Bb7 11. cxd5 exd5 12. Rb1 c4 13. Qc2 Na5 14. Ne5 Rc8 15. Bf3
a6 16. Qf5 Rc7 17. Bg3 Bc8 18. Qc2 Rb7 19. Rfd1 Rb8 20. Nxf7 Rxf7 21. Bxb8 Ne4
22. Nxe4 dxe4 23. Bxe4 Bg4 24. f3 Qxb8 25. fxg4 Qd6 26. Rf1 Bg5 27. Bh7+ Kf8
28. Rxf7+ Kxf7 29. Rf1+ Ke7 30. Qe4+ Kd8 31. Qa8+ Ke7 32. Qf8+ Kd7 33. Rf7+ Be7
34. Bf5+ 1-0

[Event "Lansing (Mini-Swiss.2/2)"]
[Site "?"]
[Date "1990.??.??"]
[Round "?"]
[White "Ford, William"]
[Black "Njenga, L."]
[Result "1-0"]
[WhiteElo "1890"]
[BlackElo "1920"]
[PlyCount "85"]
[EventDate "1990.??.??"]

{2/(2)} 1. d4 Nf6 2. Nf3 g6 3. e3 Bg7 4. c4 d5 5. Nc3 O-O 6. Be2 c5 7. cxd5
cxd4 8. Nxd4 Nxd5 9. Nxd5 Qxd5 10. Bf3 Qa5+ 11. Bd2 Qb6 12. Bc3 Nc6 13. Bxc6
bxc6 14. O-O Rd8 15. Qa4 Rd6 16. Rac1 Ba6 17. Rfe1 Bb5 18. Qc2 Qa6 19. Bb4 Bd3
20. Qb3 Rb8 21. Qa3 Qxa3 22. Bxa3 Rd7 23. Nxc6 Rbb7 24. Nb4 Bf6 25. Nxd3 Rxd3
26. Rc2 Rbd7 27. Kf1 Rd2 28. Rec1 e6 29. Ke1 Rxc2 30. Rxc2 Be7 31. Bxe7 Rxe7
32. a4 Rb7 33. Kd2 Rb4 34. a5 a6 35. Kc3 Rb5 36. b4 Kf8 37. Kb3 Rb8 38. Rc6 Ra8
39. Kc4 Ra7 40. b5 axb5+ 41. Kxb5 Rb7+ 42. Rb6 Rd7 43. a6 1-0

[Event "Lansing (Feb)"]
[Site "?"]
[Date "1990.??.??"]
[Round "?"]
[White "Ford, William"]
[Black "Calton, Bill"]
[Result "1/2-1/2"]
[WhiteElo "1925"]
[BlackElo "1940"]
[PlyCount "81"]
[EventDate "1990.??.??"]

1. d4 Nf6 2. Nf3 g6 3. c4 Bg7 4. Nc3 d6 5. e4 O-O 6. Be2 Bg4 7. Qb3 Bxf3 8.
Bxf3 Nc6 9. Be3 Rb8 10. a3 Nd7 11. Qd1 a6 12. O-O e5 13. d5 Ne7 14. Bg5 f6 15.
Bh4 Qe8 16. Bg4 f5 17. exf5 gxf5 18. Bh5 Ng6 19. Qc2 Nf6 20. Bxf6 Rxf6 21. Rae1
Qe7 22. g3 Rbf8 23. Qb3 b6 24. Qa4 a5 25. Qc6 R8f7 26. b4 axb4 27. axb4 Qd7 28.
Qxd7 Rxd7 29. Ra1 Nf8 30. Ra7 c5 31. Rxd7 Nxd7 32. b5 e4 33. Ra1 Rf8 34. Ra7
Nf6 35. Be2 Rf7 36. Ra8+ Rf8 37. Ra6 Rb8 38. Na4 Nd7 39. Ra7 Ne5 40. Ra6 Nd7
41. Ra7 1/2-1/2

[Event "Lansing (Feb)"]
[Site "?"]
[Date "1990.??.??"]
[Round "?"]
[White "Ford, S."]
[Black "Thibeault, T."]
[Result "0-1"]
[WhiteElo "1605"]
[BlackElo "1605"]
[PlyCount "112"]
[EventDate "1990.??.??"]

1. e3 e5 2. b3 Nc6 3. Nc3 Nf6 4. h3 Bb4 5. Bb2 d5 6. Bb5 Qe7 7. Bxc6+ bxc6 8.
Nf3 d4 9. Ne2 Ba6 10. exd4 exd4 11. Nfxd4 c5 12. Nf5 Qf8 13. g4 Rg8 14. Bxf6
gxf6 15. Nc3 O-O-O 16. a3 Bxc3 17. Ra2 Rxd2 18. Qxd2 Bxd2+ 19. Kxd2 Qd8+ 20.
Kc1 Re8 21. Rd1 Re1 22. Rxe1 Kb7 23. c4 Ka8 24. Rae2 Qd7 25. Re8+ Kb7 26. R1e7
Qd3 27. Rxf7 Qc3+ 28. Kd1 Qxb3+ 29. Ke1 Qc3+ 30. Kd1 Qd3+ 31. Ke1 Bxc4 32. Rxh7
Qf1+ 33. Kd2 Qxf2+ 34. Kd1 Qf3+ 35. Ke1 Qf1+ 36. Kd2 Qf2+ 37. Kd1 Qf3+ 38. Kd2
Qf4+ 39. Re3 Be6 40. Ke2 Bxf5 41. gxf5 Qxf5 42. Rb3+ Kc6 43. Rh8 Qc2+ 44. Ke3
Qxb3+ 45. Kf4 Qxa3 46. h4 Qc3 47. h5 Qe5+ 48. Kf3 f5 49. Rh6+ Kb5 50. Rg6 c4
51. h6 Qe4+ 52. Kf2 f4 53. Rg7 Qe3+ 54. Kf1 Qh3+ 55. Kf2 Qxh6 56. Rxc7 Qb6+ 0-1

[Event "Detroit (MOR/5/27)"]
[Site "?"]
[Date "1990.??.??"]
[Round "?"]
[White "Foord, Allan"]
[Black "Sujarit, P."]
[Result "0-1"]
[WhiteElo "1680"]
[BlackElo "1605"]
[PlyCount "100"]
[EventDate "1990.??.??"]

{5/(27)} 1. e4 e5 2. Nf3 Nc6 3. Bb5 a6 4. Ba4 Nf6 5. O-O Be7 6. Re1 b5 7. Bb3
O-O 8. c3 d5 9. exd5 Nxd5 10. Nxe5 Nxe5 11. Rxe5 c6 12. d4 Bd6 13. Re1 Qh4 14.
g3 Qh3 15. Be3 Bg4 16. Qd3 Rae8 17. Nd2 Bf5 18. Qf1 Qxf1+ 19. Kxf1 Bh3+ 20. Ke2
Nxe3 21. fxe3 c5 22. Bd5 cxd4 23. cxd4 Bg4+ 24. Kf2 Bb4 25. Bf3 Bxf3 26. Nxf3
Bxe1+ 27. Rxe1 Rc8 28. Re2 f6 29. Rd2 Rfd8 30. e4 Kf7 31. Ke3 Rc7 32. g4 Rdc8
33. Kd3 a5 34. d5 Ke7 35. Nd4 Rb8 36. Nc6+ Rxc6 37. dxc6 Rd8+ 38. Kc3 Rxd2 39.
Kxd2 Kd6 40. c7 Kxc7 41. Kc3 Kc6 42. a3 Kd6 43. Kd4 a4 44. h3 g5 45. Kd3 Ke5
46. Ke3 h6 47. Kd3 Kf4 48. Kd4 Kg3 49. Kc5 Kxh3 50. Kxb5 Kxg4 0-1

[Event "Detroit (MOR/1b/11)"]
[Site "?"]
[Date "1990.??.??"]
[Round "?"]
[White "Foord, Allan"]
[Black "Stinson, A."]
[Result "0-1"]
[WhiteElo "1680"]
[BlackElo "1605"]
[PlyCount "66"]
[EventDate "1990.??.??"]

1. e4 e5 2. Nf3 Nc6 3. Bb5 d6 4. d4 Bd7 5. O-O a6 6. Ba4 Nf6 7. Re1 Qe7 8. Bg5
h6 9. Bh4 g5 10. Bg3 Nh5 11. dxe5 Nxg3 12. exd6 Qxd6 13. Qxd6 Bxd6 14. hxg3
O-O-O 15. Nbd2 Ne5 16. Rad1 Bxa4 17. b3 Bc6 18. c4 f6 19. Re3 Bb4 20. Nxe5 fxe5
21. Re2 Rd3 22. Kf1 Rhd8 23. Ke1 Bxd2+ 24. Rdxd2 Rxd2 25. Rxd2 Rxd2 26. Kxd2
Bxe4 27. f3 Bb1 28. a3 Kd7 29. Kc3 Kd6 30. b4 g4 31. a4 e4 32. fxe4 Bxe4 33.
Kd4 Bxg2 0-1

[Event "Detroit (MOR/3/30)"]
[Site "?"]
[Date "1990.??.??"]
[Round "?"]
[White "Foord, Allan"]
[Black "Royster, H."]
[Result "0-1"]
[WhiteElo "1680"]
[BlackElo "1605"]
[PlyCount "24"]
[EventDate "1990.??.??"]

{3/(30)} 1. e4 e5 2. Nf3 Nc6 3. Bb5 Nf6 4. O-O Bc5 5. Re1 O-O 6. Bxc6 dxc6 7.
Nxe5 Re8 8. Nd3 Bg4 9. Re2 Rxe4 10. Nxc5 Rxe2 11. f3 Qd4+ 12. Kf1 Qf2# 0-1

[Event "Flint (MI Senior/3/4)"]
[Site "?"]
[Date "1990.??.??"]
[Round "?"]
[White "Foord, Allan"]
[Black "Laemers, J."]
[Result "0-1"]
[WhiteElo "1700"]
[BlackElo "1605"]
[PlyCount "68"]
[EventDate "1990.??.??"]

{3/(4)} 1. e4 d6 2. d4 Nf6 3. Bd3 g6 4. f4 Bg7 5. Nf3 O-O 6. O-O Nbd7 7. Nc3 c5
8. f5 cxd4 9. Nxd4 Nc5 10. fxg6 fxg6 11. Bc4+ Kh8 12. Re1 e5 13. Ndb5 Ne8 14.
Be3 b6 15. Qd5 Be6 16. Qd2 Bxc4 17. Rad1 Rf6 18. Bg5 Qd7 19. Bxf6 Bxb5 20.
Bxg7+ Kxg7 21. Nxb5 Qxb5 22. Qd5 Rb8 23. Rb1 Qd7 24. b4 Nf6 25. Qc4 b5 26. Qf1
Ncxe4 27. Rbd1 Qc6 28. Qd3 Qb6+ 29. Qe3 Qxe3+ 30. Rxe3 Rc8 31. Rc1 Nc3 32. a3
Rc4 33. h3 Nfd5 34. Rd3 Ne2+ 0-1

[Event "Detroit (RVO/3)"]
[Site "?"]
[Date "1990.??.??"]
[Round "?"]
[White "Foord, Allan"]
[Black "Kellogg, S."]
[Result "1-0"]
[WhiteElo "1705"]
[BlackElo "1605"]
[PlyCount "118"]
[EventDate "1990.??.??"]

1. e4 Nf6 2. e5 Nd5 3. d4 d6 4. c4 Nb6 5. f4 dxe5 6. fxe5 Nc6 7. Be3 Bf5 8. Bd3
Qd7 9. Nf3 O-O-O 10. O-O e6 11. Bxf5 exf5 12. a3 Nxc4 13. Bg5 Be7 14. Bxe7 Qxe7
15. Qc2 Qe6 16. Qf2 g6 17. Nc3 Nb6 18. Rad1 Nd5 19. Rfe1 h6 20. Rd3 Rd7 21. Na4
b6 22. b4 Nf4 23. Rd2 Rhd8 24. Red1 Nd5 25. Rc2 f4 26. Rdc1 Nde7 27. Qe2 Kb7
28. Qe4 Rd5 29. Nc3 R5d7 30. b5 f5 31. bxc6+ Nxc6 32. Qxf4 Nxd4 33. Nxd4 Rxd4
34. Qxh6 c5 35. Qg7+ R8d7 36. Qf6 Re7 37. Nb5 Qxe5 38. Qxe5 Rxe5 39. Nxd4 cxd4
40. Rc7+ Ka6 41. Rd7 Re4 42. Rcc7 Re1+ 43. Kf2 Re4 44. Rxa7+ Kb5 45. a4+ Kc4
46. Rd6 g5 47. Rxb6 g4 48. Rc7+ Kd5 49. a5 Rf4+ 50. Kg3 Rf1 51. a6 Ke4 52. a7
Ra1 53. Rb8 Ra3+ 54. Kh4 Kf4 55. a8=Q Rxa8 56. Rxa8 Ke3 57. Rd8 d3 58. Rc3 Kf2
59. Rdxd3 Ke2 1-0

[Event "Detroit (RVO/5)"]
[Site "?"]
[Date "1990.??.??"]
[Round "?"]
[White "Foord, Allan"]
[Black "Haakonstad, Olaf"]
[Result "0-1"]
[WhiteElo "1705"]
[BlackElo "1970"]
[PlyCount "74"]
[EventDate "1990.??.??"]

1. e4 e5 2. Nf3 Nc6 3. Bb5 a6 4. Ba4 Nf6 5. O-O Be7 6. Re1 b5 7. Bb3 O-O 8. c3
d5 9. exd5 e4 10. dxc6 exf3 11. Qxf3 Bg4 12. Qg3 Re8 13. f3 Bd6 14. Qh4 Rxe1+
15. Qxe1 Bf5 16. d4 Qb8 17. Be3 Qb6 18. Nd2 Qxc6 19. Rc1 Re8 20. Qf2 Qd7 21. c4
Bb4 22. Bc2 Bxc2 23. Rxc2 Qe6 24. Bf4 Qf5 25. Nf1 Qxf4 26. cxb5 axb5 27. g3 Qd6
28. Nd2 Ba5 29. Nb3 Re1+ 30. Kg2 Qb4 31. Nxa5 Qxa5 32. Rxc7 Qxc7 33. Qxe1 Qc2+
34. Qf2 Qd3 35. a3 Nd5 36. f4 Ne3+ 37. Kh3 Qf5+ 0-1

[Event "Flint (MI Senior/2/2)"]
[Site "?"]
[Date "1990.??.??"]
[Round "?"]
[White "Foord, Allan"]
[Black "Finegold, Ron"]
[Result "0-1"]
[WhiteElo "1700"]
[BlackElo "2220"]
[PlyCount "64"]
[EventDate "1990.??.??"]

{2/(2)} 1. e4 Nc6 2. d4 e5 3. d5 Nce7 4. Nf3 d6 5. c4 f5 6. Nc3 Nf6 7. Bd3 c5
8. Qc2 f4 9. Bd2 h6 10. h4 a6 11. a4 Bg4 12. Be2 Ng6 13. a5 Be7 14. g3 fxg3 15.
fxg3 O-O 16. Nh2 Bxe2 17. Nxe2 Qd7 18. O-O-O b5 19. axb6 Rfb8 20. Ba5 Bd8 21.
Nc3 Bxb6 22. Bxb6 Rxb6 23. Nf3 Rab8 24. h5 Ne7 25. Rd2 Qg4 26. Qd3 Rb3 27. Nxe5
dxe5 28. d6 Nc6 29. d7 Nd4 30. Rh4 Qxd7 31. Qf1 Rxc3+ 32. bxc3 Nb3+ 0-1

[Event "Flint (Class B/2)"]
[Site "?"]
[Date "1990.??.??"]
[Round "?"]
[White "Foord, Allan"]
[Black "Collins, Charles"]
[Result "1/2-1/2"]
[WhiteElo "1680"]
[BlackElo "1790"]
[PlyCount "102"]
[EventDate "1990.??.??"]

1. e4 Nf6 2. e5 Nd5 3. d4 d6 4. c4 Nb6 5. f4 dxe5 6. fxe5 Nc6 7. Nf3 Bg4 8. Be3
e6 9. Be2 Be7 10. O-O O-O 11. Nc3 f6 12. h3 Bh5 13. Qd2 Bxf3 14. Bxf3 Nxc4 15.
Qf2 fxe5 16. d5 Nd4 17. Bxd4 exd4 18. Qxd4 Nb6 19. Rad1 Bf6 20. Qe4 exd5 21.
Nxd5 Nxd5 22. Qe6+ Kh8 23. Rxd5 Bd4+ 24. Kh2 Qf6 25. Qxf6 Bxf6 26. Rb5 c6 27.
Rxb7 Rab8 28. Rxb8 Rxb8 29. b3 Rf8 30. Rc1 Be5+ 31. Kh1 Bg3 32. Rxc6 Re8 33.
Rc1 Re1+ 34. Rxe1 Bxe1 35. g4 Bb4 36. Kg2 g6 37. g5 Kg7 38. Kg3 a5 39. Kf4 Bd2+
40. Kg4 h5+ 41. gxh6+ Bxh6 42. a3 Bd2 43. Bc6 Kf6 44. Kf3 Bc1 45. b4 axb4 46.
axb4 Ba3 47. b5 Bc5 48. Ke4 Ke6 49. Kd3 Ke5 50. Kc4 Bb6 51. Be8 g5 1/2-1/2

[Event "Detroit (MOR/7/34)"]
[Site "?"]
[Date "1990.??.??"]
[Round "?"]
[White "Foord, Allan"]
[Black "Brewer, R."]
[Result "0-1"]
[WhiteElo "1680"]
[BlackElo "1605"]
[PlyCount "82"]
[EventDate "1990.??.??"]

{7/(34)} 1. e4 e5 2. Nf3 f5 3. Nxe5 Qf6 4. d4 d6 5. Nf3 fxe4 6. Qe2 d5 7. c3
Bd6 8. Bg5 Qg6 9. a4 Nd7 10. Bh4 Ngf6 11. Na3 c6 12. c4 O-O 13. Nd2 Bb4 14. Nc2
Ba5 15. O-O-O Bc7 16. h3 Kh8 17. Qe3 Nb6 18. b3 Be6 19. g4 Qf7 20. c5 Nbd7 21.
Bg3 Bd8 22. f4 exf3 23. Nxf3 Ne4 24. Bg2 Nxg3 25. Rhe1 Ne4 26. Kb2 a5 27. Rf1
Qf4 28. Qe1 Bf6 29. Ne5 Qg3 30. Qxg3 Nxg3 31. Nxd7 Bxd7 32. Rf3 Ne4 33. Re1
Nxc5 34. Rxf6 Nd3+ 35. Kc3 Nxe1 36. Rxf8+ Rxf8 37. Nxe1 Rf2 38. Bf3 Rf1 39. Kd2
Rf2+ 40. Ke3 Rb2 41. Bd1 Rh2 0-1

[Event "Detroit (RVO/1)"]
[Site "?"]
[Date "1990.??.??"]
[Round "?"]
[White "Foord, Allan"]
[Black "Andrews, R."]
[Result "0-1"]
[WhiteElo "1705"]
[BlackElo "2170"]
[PlyCount "92"]
[EventDate "1990.??.??"]

1. e4 e6 2. d4 d5 3. Nc3 Bb4 4. e5 Qd7 5. a3 Bxc3+ 6. bxc3 b6 7. Qg4 f5 8. Qg3
Ba6 9. Bxa6 Nxa6 10. a4 Nb8 11. Ba3 Nc6 12. Ne2 Na5 13. O-O Nc4 14. Bc1 Qf7 15.
f4 Ne7 16. Rf3 O-O-O 17. Qf2 Nc6 18. Ng3 Kb8 19. Nf1 N6a5 20. Ne3 Nxe3 21. Bxe3
Qd7 22. Qe2 Qc6 23. Bf2 Qc4 24. Qd3 Rd7 25. Bh4 Rc8 26. h3 c5 27. Qxc4 Nxc4 28.
dxc5 Rxc5 29. g4 g6 30. Bf2 Rcc7 31. Rd3 Rf7 32. g5 Rc6 33. Bd4 Na5 34. Kg2 Rc4
35. Rd2 Nc6 36. Ra2 Rc7 37. h4 Kb7 38. Kf2 Nxd4 39. cxd4 Ka6 40. Ke2 Ka5 41.
Kf2 Rc3 42. Kg2 R7c4 43. Kh2 Rxa4 44. Rxa4+ Kxa4 45. Kg2 a5 46. Rf2 Kb4 0-1

[Event "Detroit (RVO/5)"]
[Site "?"]
[Date "1990.??.??"]
[Round "?"]
[White "Flynn, Jeff"]
[Black "Zacks, Naum"]
[Result "1-0"]
[WhiteElo "1795"]
[BlackElo "1905"]
[PlyCount "77"]
[EventDate "1990.??.??"]

1. e4 Nf6 2. e5 Nd5 3. c4 Nb6 4. d4 d6 5. f4 dxe5 6. fxe5 Nc6 7. Be3 Bf5 8. Nc3
e6 9. Nf3 Bg4 10. Be2 Bxf3 11. gxf3 Be7 12. O-O O-O 13. Qd2 f5 14. exf6 Bxf6
15. Rad1 Qe8 16. Qe1 Nb4 17. Qg3 Nc2 18. Bf2 Rd8 19. Qg4 Kh8 20. Rd2 Nxd4 21.
Bxd4 e5 22. Be3 Rxd2 23. Bxd2 e4 24. Qxe4 Qd8 25. Bd3 g6 26. Re1 Bd4+ 27. Be3
Qg5+ 28. Kh1 Bxe3 29. Qxe3 Qh5 30. Kg2 g5 31. h3 Nd7 32. Qd4+ Kg8 33. Qd5+ Rf7
34. Re8+ Nf8 35. Bf5 Kg7 36. Qe5+ Kg8 37. Nd5 Rxf5 38. Qxf5 Qxe8 39. Nf6+ 1-0

[Event "Detroit (RVO/1)"]
[Site "?"]
[Date "1990.??.??"]
[Round "?"]
[White "Flynn, Jeff"]
[Black "Spencer, J."]
[Result "1-0"]
[WhiteElo "1795"]
[BlackElo "1605"]
[PlyCount "45"]
[EventDate "1990.??.??"]

1. e4 Nf6 2. e5 Nd5 3. c4 Nb6 4. d4 d6 5. f4 dxe5 6. fxe5 e6 7. Nf3 Nc6 8. Be3
Bb4+ 9. Nc3 O-O 10. Bd3 Be7 11. O-O f5 12. exf6 Bxf6 13. Bb1 Nxc4 14. Qd3 Nxe3
15. Qxh7+ Kf7 16. Ne5+ Nxe5 17. dxe5 Nxf1 18. Bg6+ Ke7 19. exf6+ Rxf6 20. Qxg7+
Kd6 21. Rd1+ Ke5 22. Rxd8 Ne3 23. Qxc7# 1-0

[Event "Flint (Class B/3)"]
[Site "?"]
[Date "1990.??.??"]
[Round "?"]
[White "Flynn, Jeff"]
[Black "Scott, D."]
[Result "0-1"]
[WhiteElo "1785"]
[BlackElo "1700"]
[PlyCount "94"]
[EventDate "1990.??.??"]

1. e4 e5 2. Nf3 Nc6 3. Bc4 Bc5 4. b4 Bxb4 5. c3 Ba5 6. O-O Nf6 7. d4 d6 8. dxe5
Nxe5 9. Nxe5 dxe5 10. Qa4+ c6 11. Rd1 Bd7 12. Bg5 b5 13. Rxd7 Qxd7 14. Qxa5
bxc4 15. Qxe5+ Qe6 16. Qxe6+ fxe6 17. Nd2 Kf7 18. f3 h6 19. Be3 Rhd8 20. Nxc4
Nd7 21. Rb1 a6 22. Na5 Rdc8 23. Nc4 Ke7 24. Rb7 Rab8 25. Bc5+ Kd8 26. Rxd7+
Kxd7 27. Nb6+ Rxb6 28. Bxb6 Rb8 29. Bd4 g6 30. c4 Rb4 31. Kf2 Rxc4 32. Bg7 Rc2+
33. Kg3 Rxa2 34. Bxh6 c5 35. h4 c4 36. Kh3 c3 37. g4 Ke7 38. f4 c2 39. f5 exf5
40. gxf5 gxf5 41. exf5 Ra1 42. Kg4 c1=Q 43. Bxc1 Rxc1 44. Kg5 Rg1+ 45. Kh6 Kf6
46. h5 Rg5 47. Kh7 Rxh5+ 0-1

[Event "Flint (Class B/1)"]
[Site "?"]
[Date "1990.??.??"]
[Round "?"]
[White "Flynn, Jeff"]
[Black "Lynch, W."]
[Result "1-0"]
[WhiteElo "1785"]
[BlackElo "1705"]
[PlyCount "75"]
[EventDate "1990.??.??"]

1. e4 e5 2. Nf3 Nc6 3. Bc4 Nf6 4. Ng5 d5 5. exd5 Nxd5 6. Nxf7 Kxf7 7. Qf3+ Qf6
8. Bxd5+ Ke8 9. Bxc6+ bxc6 10. Qe3 Bd6 11. Nc3 Qg6 12. Qe4 Qxe4+ 13. Nxe4 Bf5
14. d3 Rb8 15. O-O Rb4 16. c3 Rb5 17. b4 c5 18. a4 Rb7 19. bxc5 Bxe4 20. cxd6
Bxd3 21. Rd1 e4 22. Bf4 cxd6 23. Bxd6 Kd7 24. Be5 Ke6 25. Bd4 a6 26. f3 Rf8 27.
fxe4 Bxe4 28. Re1 Kd5 29. Rad1 Re8 30. Bxg7+ Kc6 31. Bd4 Rb2 32. Bf2 Rc2 33.
Rc1 Rd2 34. Rcd1 Rc2 35. Rd4 Rf8 36. Rexe4 Rfxf2 37. Rg4 Rxc3 38. Kxf2 1-0

[Event "Detroit (RVO/4)"]
[Site "?"]
[Date "1990.??.??"]
[Round "?"]
[White "Flynn, Jeff"]
[Black "Brattin, Vincent"]
[Result "0-1"]
[WhiteElo "1795"]
[BlackElo "1930"]
[PlyCount "56"]
[EventDate "1990.??.??"]

1. e4 c6 2. d4 d5 3. Nc3 dxe4 4. Nxe4 Bf5 5. Ng3 Bg6 6. Nf3 Nd7 7. h4 h6 8. h5
Bh7 9. Bd3 Bxd3 10. Qxd3 Ngf6 11. Bd2 e6 12. O-O-O Bd6 13. Ne4 Nxe4 14. Qxe4
Nf6 15. Qe2 Qc7 16. g3 O-O-O 17. c4 c5 18. Bc3 Qe7 19. Ne5 Nd7 20. Nxd7 Rxd7
21. dxc5 Bxc5 22. Bxg7 Qg5+ 23. f4 Qxg7 24. Rxd7 Kxd7 25. Rd1+ Kc7 26. Qd2 Rc8
27. b4 Qa1+ 28. Kc2 Qxa2+ 0-1

[Event "Flint (Class C/4)"]
[Site "?"]
[Date "1990.??.??"]
[Round "?"]
[White "Fletcher, G."]
[Black "Rosebrook, G."]
[Result "1-0"]
[WhiteElo "1605"]
[BlackElo "1605"]
[PlyCount "37"]
[EventDate "1990.??.??"]

1. d4 Nf6 2. c4 e6 3. Nc3 b6 4. Bg5 Bb7 5. e3 Bb4 6. a3 Bxc3+ 7. bxc3 O-O 8.
Rb1 Qc8 9. Bxf6 gxf6 10. Bd3 h6 11. d5 Re8 12. Qh5 Kg7 13. Rb4 exd5 14. cxd5
Re5 15. Rg4+ Rg5 16. Rxg5+ fxg5 17. Nf3 f6 18. Qg6+ Kf8 19. Qxf6+ 1-0

[Event "Lansing (MI Am/3/43)"]
[Site "?"]
[Date "1990.??.??"]
[Round "?"]
[White "Fletcher, G."]
[Black "Pontoni, M."]
[Result "1-0"]
[WhiteElo "1605"]
[BlackElo "1605"]
[PlyCount "69"]
[EventDate "1990.??.??"]

{3/(43)} 1. d4 Nf6 2. c4 g6 3. Nc3 Bg7 4. Bg5 d6 5. e3 Nbd7 6. Nf3 b6 7. Be2
Bb7 8. O-O O-O 9. d5 c6 10. e4 h6 11. Bh4 g5 12. Bg3 cxd5 13. cxd5 Nc5 14. e5
dxe5 15. Bxe5 Nxd5 16. Bxg7 Kxg7 17. Nxd5 Qxd5 18. Qc2 Qe4 19. Qc3+ f6 20. Rfe1
Qf4 21. Nd4 Qe4 22. Bf3 Qd3 23. Qxd3 Nxd3 24. Rxe7+ Rf7 25. Rxb7 Rxb7 26. Bxb7
Re8 27. b3 Kg6 28. f3 Rd8 29. Be4+ f5 30. Bxf5+ Kf6 31. Bxd3 Rxd4 32. Rd1 Ke5
33. Kf2 Kf4 34. g3+ Ke5 35. Ke3 1-0